| 000 | 00421cam a2200169ua 4500 | ||
|---|---|---|---|
| 020 | _a0-412-16420-5 | ||
| 041 |
_aeng _h |
||
| 082 |
_a629.246 _bCAM/AU |
||
| 100 | _aCampbell, Colin . | ||
| 245 |
_aAutomobile suspensions / _cColin Campbell. _hTextual Documents |
||
| 250 |
_a1 / _b. |
||
| 260 |
_aLondon : _bChapman and Hall Ltd , _c1981. |
||
| 300 | _a213 ; . | ||
| 504 | _a | ||
| 942 | _cBK | ||
| 999 |
_c10110 _d10110 |
||